000
00243nam a22001097a 4500
040
_a
0
_c
0
082
_a
297.122
_b
H968.2
100
_a
Aila F. Hussain
_9
130454
245
_a
2000 Names for Muslim Children
300
_a
124p.
942
_2
ddc
_c
BK
999
_c
614636
_d
614636